| 000 | 00636nam a2200205 a 4500 | ||
|---|---|---|---|
| 003 | MX-MxUPN | ||
| 005 | 20241023120211.0 | ||
| 008 | 991125s1929 mx r 000 0 spa d | ||
| 035 | _aUPN01000000320 | ||
| 040 |
_aMX-MxUPN _bspa _cMX-MxUPN |
||
| 041 | 0 | _aspa | |
| 050 | 1 | 4 |
_aLB1715 _bM6.3 |
| 100 | 1 |
_aMolina Betancourt, Rafael _952603 |
|
| 245 | 1 | 0 | _aAcción social del maestro |
| 260 |
_aMéxico : _b[editor no identificado], _c1929. |
||
| 300 | _a20 páginas | ||
| 650 | 4 |
_aEducación comunitaria _913598 |
|
| 650 | 4 |
_aMaestros _xFormación profesional _9804 |
|
| 710 | 2 |
_aMuseo Pedagógico Nacional (México) _951335 _epropietario anterior |
|
| 999 |
_c320 _d320 |
||